000 00664cam a22002295a 4500
001 L159751
008 150226s2016 xxk f 000 0 eng d
035 _a(Sirsi) u159751
041 0 _aeng
100 1 _aCousins, Stephen
245 0 0 _aModel witness
260 _c2016
490 _aModus
_vJuly - August 2016, 20-21 (2)
520 _aThanks to its 4D capabilities, BIM is not just shaking up the construction industry, but also the world of arbitration and dispute resolution.
590 _aKA
650 2 4 _aBIM
_96219
650 2 4 _a4D BIM
650 2 4 _aARBITRATION
651 4 _aUnited Kingdom
_y
690 _aDispute resolution
_96236
942 _n0
999 _c84958
_d84958